|
|
|
|
| LEADER |
00000cam a2200000 a 4500 |
| 001 |
vtls008402418 |
| 003 |
SK-MaSNL |
| 005 |
20260302074759.0 |
| 008 |
230403s1949 xo g 000 f slo |
| 015 |
|
|
|a SNBA19451955-012595
|
| 035 |
|
|
|a SK01SNKBKSFS20020094635
|
| 035 |
|
|
|a urn:nbn:sk:snk-am3hqxn
|
| 035 |
|
|
|a 287F3DBC-6906-4343-BAB1-DDB92EF55561
|
| 035 |
|
|
|a urn:nbn:sk:snk-am00d63a
|
| 035 |
|
|
|a SKM000097098
|
| 040 |
|
|
|a SNK
|b slo
|c SNK
|e AACR2
|
| 041 |
0 |
|
|a slo
|
| 044 |
|
|
|a xo
|c SK
|
| 080 |
|
|
|a 885.4-3
|2 1981
|
| 100 |
0 |
|
|a Timrava,
|d 1867-1951
|4 aut
|9 37213
|
| 245 |
1 |
0 |
|a Mojžík ; Ťapákovci ; Mylná cesta ; U Kanátov ; Pódi
|c Timrava
|
| 250 |
|
|
|a 2. vyd.
|
| 260 |
|
|
|a [Turčiansky Sv. Martin]
|b Matica slovenská
|c 1949
|e [Turčiansky Sv. Martin]
|f Neografia
|
| 300 |
|
|
|a 188, [4] s.
|c 8°
|
| 490 |
1 |
|
|a Sobrané spisy Timravy
|v sv. 8
|
| 655 |
|
7 |
|a slovenské novely
|2 SNKPH
|9 70570
|
| 655 |
|
7 |
|a slovenské poviedky
|2 SNKPH
|9 70226
|
| 740 |
0 |
2 |
|a Ťapákovci
|
| 740 |
0 |
2 |
|a Mylná cesta
|
| 740 |
0 |
2 |
|a U Kanátov
|
| 740 |
0 |
2 |
|a Pódi
|
| 800 |
0 |
|
|a Timrava,
|d 1867-1951
|t Sobrané spisy
|9 289382
|
| 852 |
|
|
|a Slovenská národná knižnica
|
| 954 |
|
|
|a beletria pôvodná (slovenská)
|2 lita
|
| 958 |
|
|
|a EUIPO
|
| 958 |
|
|
|a OND
|
| 958 |
|
|
|a RK
|
| 958 |
|
|
|a TL
|
| 999 |
|
|
|c 1166460
|d 1168390
|
| 952 |
|
|
|a SNK
|b SNK
|y VYP
|7 0
|p 17A0568264
|o snkSD 5750/8 D1
|i snkF 6185/64
|8 5
|0 0
|1 0
|4 0
|d 2008-01-12
|l 0
|r 2026-02-24 20:50:27
|w 2026-02-24
|
| 952 |
|
|
|a SNK
|b SNK
|y VYP
|7 0
|p 17A0568315
|o snkSD 5750/8 D2
|i snkK 313/69
|8 3
|0 0
|1 0
|4 0
|d 2008-01-12
|l 0
|r 2026-02-24 20:50:27
|w 2026-02-24
|
| 952 |
|
|
|a SNK
|b SNK
|y PREZ
|7 0
|p 17A0909535
|o snkSD 5750/8
|i snk5850/50
|0 0
|1 0
|4 0
|d 2018-11-16
|f 1
|l 0
|r 2025-11-13 00:00:00
|w 2026-02-24
|